Rechtspopulismus und christlicher Glaube
| Contributors: | ; |
|---|---|
| Format: | Print Book |
| Language: | German |
| Subito Delivery Service: | Order now. |
| Check availability: | HBZ Gateway |
| WorldCat: | WorldCat |
| Interlibrary Loan: | Interlibrary Loan for the Fachinformationsdienste (Specialized Information Services in Germany) |
| Published: |
Berlin
Evangelische Zentralstelle für Weltanschauungsfragen
2018
|
| In: |
EZW-Texte (256)
Year: 2018 |
| Volumes / Articles: | Show volumes/articles. |
| Series/Journal: | EZW-Texte
256 |
| Standardized Subjects / Keyword chains: | B
Right-wing populism
/ Christianity
B Conservatism / Patriotism / Christian ethics (motif) / Controversy B The Right / Christian B Alternative für Deutschland / Christian |
| Further subjects: | B
Collection of essays
|
| Online Access: |
Table of Contents |
| Parallel Edition: | Electronic
|
MARC
| LEADER | 00000cam a2200000 c 4500 | ||
|---|---|---|---|
| 001 | 1582145555 | ||
| 003 | DE-627 | ||
| 005 | 20240508194858.0 | ||
| 007 | tu | ||
| 008 | 181022s2018 gw ||||| 00| ||ger c | ||
| 035 | |a (DE-627)1582145555 | ||
| 035 | |a (DE-576)512145555 | ||
| 035 | |a (DE-599)GBV1034153714 | ||
| 035 | |a (OCoLC)1057470931 | ||
| 035 | |a (OCoLC)1057470931 | ||
| 040 | |a DE-627 |b ger |c DE-627 |e rda | ||
| 041 | |a ger | ||
| 044 | |c XA-DE | ||
| 082 | 0 | 4 | |a 230 |a 320 |q DE-101 |
| 084 | |a 1 |2 ssgn | ||
| 084 | |a 1 |a 0 |2 ssgn | ||
| 084 | |a BL 1560 |2 rvk |0 (DE-625)rvk/12001: | ||
| 084 | |a 89.29 |2 bkl | ||
| 084 | |a 11.53 |2 bkl | ||
| 084 | |a 11.69 |2 bkl | ||
| 084 | |a 11.05 |2 bkl | ||
| 245 | 0 | 0 | |a Rechtspopulismus und christlicher Glaube |c Reinhard Hempelmann/Harald Lamprecht (Hg.) |
| 264 | 1 | |a Berlin |b Evangelische Zentralstelle für Weltanschauungsfragen |c 2018 | |
| 300 | |a 129 Seiten |b Diagramm | ||
| 336 | |a Text |b txt |2 rdacontent | ||
| 337 | |a ohne Hilfsmittel zu benutzen |b n |2 rdamedia | ||
| 338 | |a Band |b nc |2 rdacarrier | ||
| 490 | 1 | |a EZW-Texte |v 256 | |
| 583 | 1 | |a Archivierung/Langzeitarchivierung gewährleistet |c 20211213 |f SLG |x XA-DE-BW |z IGPP |2 pdager |5 DE-25 | |
| 583 | 1 | |a Archivierung/Langzeitarchivierung gewährleistet |f SSG |x XA-DE-BW |2 pdager |5 DE-21 | |
| 655 | 7 | |a Aufsatzsammlung |0 (DE-588)4143413-4 |0 (DE-627)105605727 |0 (DE-576)209726091 |2 gnd-content | |
| 689 | 0 | 0 | |d s |0 (DE-588)7580659-9 |0 (DE-627)543668940 |0 (DE-576)271577339 |2 gnd |a Rechtspopulismus |
| 689 | 0 | 1 | |d s |0 (DE-588)4010074-1 |0 (DE-627)104493933 |0 (DE-576)20888579X |2 gnd |a Christentum |
| 689 | 0 | |5 (DE-627) | |
| 689 | 1 | 0 | |d s |0 (DE-588)4032187-3 |0 (DE-627)104483873 |0 (DE-576)208995951 |2 gnd |a Konservativismus |
| 689 | 1 | 1 | |d s |0 (DE-588)4132835-8 |0 (DE-627)105684678 |0 (DE-576)209638893 |2 gnd |a Patriotismus |
| 689 | 1 | 2 | |d s |0 (DE-588)4069994-8 |0 (DE-627)106101706 |0 (DE-576)209178884 |2 gnd |a Christliche Ethik |
| 689 | 1 | 3 | |d s |0 (DE-588)4128337-5 |0 (DE-627)105718076 |0 (DE-576)209601264 |2 gnd |a Kontroverse |
| 689 | 1 | |5 (DE-627) | |
| 689 | 2 | 0 | |d s |0 (DE-588)4048744-1 |0 (DE-627)106189697 |0 (DE-576)209079096 |2 gnd |a Die Rechte |
| 689 | 2 | 1 | |d s |0 (DE-588)4010071-6 |0 (DE-627)106359940 |0 (DE-576)208885773 |2 gnd |a Christ |
| 689 | 2 | |5 (DE-627) | |
| 689 | 3 | 0 | |d b |0 (DE-588)1046235370 |0 (DE-627)775990620 |0 (DE-576)399515690 |2 gnd |a Alternative für Deutschland |
| 689 | 3 | 1 | |d s |0 (DE-588)4010071-6 |0 (DE-627)106359940 |0 (DE-576)208885773 |2 gnd |a Christ |
| 689 | 3 | |5 (DE-627) | |
| 689 | 4 | 0 | |d s |0 (DE-588)7580659-9 |0 (DE-627)543668940 |0 (DE-576)271577339 |2 gnd |a Rechtspopulismus |
| 689 | 4 | 1 | |d s |0 (DE-588)4010074-1 |0 (DE-627)104493933 |0 (DE-576)20888579X |2 gnd |a Christentum |
| 689 | 4 | |5 (DE-627) | |
| 700 | 1 | |e HerausgeberIn |0 (DE-588)120522101 |0 (DE-627)08072664X |0 (DE-576)16455047X |4 edt |a Hempelmann, Reinhard |d 1953- | |
| 700 | 1 | |e HerausgeberIn |0 (DE-588)124455387 |0 (DE-627)363360255 |0 (DE-576)187221200 |4 edt |a Lamprecht, Harald |d 1970- | |
| 776 | 0 | 8 | |i Erscheint auch als |n Online-Ausgabe |t Rechtspopulismus und christlicher Glaube |d Berlin : Evangelische Zentralstelle für Weltanschauungsfragen, 2018 |h 1 Online-Ressource (129 Seiten) |w (DE-627)1852738812 |k Electronic |
| 810 | 2 | |a Evangelische Zentralstelle für Weltanschauungsfragen |t EZW-Texte |v 256 |9 256 |w (DE-627)241548985 |w (DE-576)066964857 |w (DE-600)1419325-5 |x 0085-0357 |7 am | |
| 856 | 4 | 2 | |u https://swbplus.bsz-bw.de/bsz512145555inh.htm |m V:DE-576;B:DE-21 |q application/pdf |v 20181103153157 |3 Inhaltsverzeichnis |7 1 |
| 889 | |w (DE-627)1034153714 | ||
| 935 | |a redo | ||
| 935 | |i mdedup | ||
| 936 | r | v | |a BL 1560 |b Sammelwerke (Aufsatzsammlungen mehrerer Autoren) |k Theologie und Religionswissenschaften |k Christliche Gesellschaftslehre |k Sammelwerke |k Sammelwerke (Aufsatzsammlungen mehrerer Autoren) |0 (DE-627)1270726048 |0 (DE-625)rvk/12001: |0 (DE-576)200726048 |
| 936 | b | k | |a 89.29 |j Politische Richtungen: Sonstiges |0 (DE-627)10641058X |
| 936 | b | k | |a 11.53 |j Neuzeitliches Christentum |0 (DE-627)181571498 |
| 936 | b | k | |a 11.69 |j Systematische Theologie: Sonstiges |0 (DE-627)106419706 |
| 936 | b | k | |a 11.05 |j Religionssoziologie |0 (DE-627)106404202 |
| 951 | |a BO | ||
| ACO | |a 1 | ||
| ELC | |b 1 | ||
| ITA | |a 1 |t 1 | ||
| LOK | |0 000 xxxxxcx a22 zn 4500 | ||
| LOK | |0 001 3030101843 | ||
| LOK | |0 003 DE-627 | ||
| LOK | |0 004 1582145555 | ||
| LOK | |0 005 20181030150515 | ||
| LOK | |0 008 181030||||||||||||||||ger||||||| | ||
| LOK | |0 040 |a DE-21 |c DE-627 |d DE-21 | ||
| LOK | |0 852 |a DE-21 | ||
| LOK | |0 852 1 |c 58 E 169 |9 00 | ||
| LOK | |0 935 |a theo | ||
| LOK | |0 936ln |a t4.1 | ||
| LOK | |0 938 |a 1810 |f 2 | ||
| LOK | |0 939 |a 30-10-18 |b l01 | ||
| LOK | |0 000 xxxxxcx a22 zn 4500 | ||
| LOK | |0 001 302957878X | ||
| LOK | |0 003 DE-627 | ||
| LOK | |0 004 1582145555 | ||
| LOK | |0 005 20181025124804 | ||
| LOK | |0 008 181024||||||||||||||||ger||||||| | ||
| LOK | |0 040 |a DE-21-31 |c DE-627 |d DE-21-31 | ||
| LOK | |0 541 |e 18/933 | ||
| LOK | |0 852 |a DE-21-31 | ||
| LOK | |0 852 1 |c Oa II f 8-256 |m p |9 00 | ||
| LOK | |0 938 |a 1811 |f E11 | ||
| LOK | |0 938 |k p | ||
| LOK | |0 939 |a 24-10-18 |b l01 | ||
| LOK | |0 000 xxxxxcx a22 zn 4500 | ||
| LOK | |0 001 4489747675 | ||
| LOK | |0 003 DE-627 | ||
| LOK | |0 004 1582145555 | ||
| LOK | |0 005 20240221144551 | ||
| LOK | |0 008 240221||||||||||||||||ger||||||| | ||
| LOK | |0 040 |a DE-Tue135 |c DE-627 |d DE-Tue135 | ||
| LOK | |0 092 |o n | ||
| LOK | |0 852 |a DE-Tue135 | ||
| LOK | |0 852 1 |9 00 | ||
| LOK | |0 935 |a RFBW |a bips | ||
| LOK | |0 939 |a 21-02-24 |b l01 | ||
| ORI | |a SA-MARC-ixtheoa001.raw | ||
| REL | |a 1 | ||
| SPR | |a 1 |t IXT |t REL | ||
| STA | 0 | 0 | |a Christian ethics (motif),Christian ethics,Ethics,Christian,Christian,Christianity,Christian world view,World view,Christian ideology,Conservatism,Neo-conservatism,Controversy,Patriotism,Patriotism,Patriotism in art,Right-wing populism,The Right |
| STB | 0 | 0 | |a Christianisme,Christianisme,Chrétien,Chrétien,Conservatisme,Controverse,Droite,Patriotisme,Patriotisme,Populisme de droite,Éthique chrétienne (motif),Éthique chrétienne |
| STC | 0 | 0 | |a Conservacionismo,Controversia,Cristianismo,Cristianismo,Cristiandad,Cristiandad,Cristiandad (Motivo),Cristiandad,Cristiano,Cristiano,La derecha,Patriotismo,Patriotismo,Populismo de la derecha,Ética cristiana |
| STD | 0 | 0 | |a Conservatorismo,Controversia,Cristianesimo,Cristianesimo,Cristiano,Cristiano,Etica cristiana,La destra,Patriottismo,Patriottismo,Populismo di destra |
| STE | 0 | 0 | |a 争论,争议,保守主义,基督徒,基督徒,基督教,基督教,基督教世界观,基督教伦理,爱国主义,爱国主义 |
| STF | 0 | 0 | |a 保守主義,右翼民粹主義,基督徒,基督徒,基督教,基督教,基督教世界觀,基督教倫理,愛國主義,愛國主義,爭論,爭議 |
| STG | 0 | 0 | |a A direita,Conservacionismo,Controvérsia,Cristianismo,Cristianismo,Cristandade,Cristandade,Cristandade (Motivo),Cristandade,Cristão,Cristão,Patriotismo,Patriotismo,Populismo da direita,Ética cristã |
| STH | 0 | 0 | |a Консерватизм,Патриотизм (мотив),Патриотизм,Правые (политика),Правый популизм,Спорный вопрос,Христианин (мотив),Христианин,Христианская этика,Христианство (мотив),Христианство |
| STI | 0 | 0 | |a Δεξιός λαϊκισμός,Διαμάχη,Η Δεξιά (πολιτική),Πατριωτισμός (μοτίβο),Πατριωτισμός,Συντηρητισμός,Χριστιανική ηθική,Χριστιανισμός (μοτίβο),Χριστιανισμός,Χριστιανός (μοτίβο),Χριστιανός |
| SUB | |a REL | ||
| SYG | 0 | 0 | |a Christianity,Christliche Mission,Missionierung,Christenheit,Christianitas,Christliche Religion,Christliche Weltanschauung , Konservatismus,Neokonservativismus,Neokonservatismus , Vaterlandsliebe , Christliche Moral , Richtungsstreit,Kontroversen , Die Rechte - Partei für Volksabstimmung, Souveränität und Heimatschutz,Die Rechte - Vorwärts für Deutschland,Partei "Die Rechte" , Rechts , Crist , Christin,Christen,Christliche Persönlichkeit,Christen , AfD , Crist , Christin,Christen,Christliche Persönlichkeit,Christen , Christianity,Christliche Mission,Missionierung,Christenheit,Christianitas,Christliche Religion,Christliche Weltanschauung |
| TIM | |a 100020130206_100020261231 |b 2013-02-06 - 2026 | ||



